Gender differences on crime and punishment

Saved in:  
Bibliographic Details
Main Author: Hurwitz, Jon (Author)
Format: Print Article
Language:English
Published: 1998
In: Political research quarterly
Year: 1998, Volume: 51, Issue: 1, Pages: 89 -
Check availability: HBZ Gateway

MARC

LEADER 00000caa a22000002c 4500
001 1912565730
003 DE-627
005 20250126055009.0
007 tu
008 241217s1998 xx ||||| 00| ||eng c
035 |a (DE-627)1912565730 
035 |a (DE-599)KXP1912565730 
040 |a DE-627  |b ger  |c DE-627  |e rda 
041 |a eng 
084 |a 2,1  |2 ssgn 
100 1 |a Hurwitz, Jon  |e VerfasserIn  |0 (DE-588)141115734  |0 (DE-627)624932095  |0 (DE-576)322256348  |4 aut 
109 |a Hurwitz, Jon 
245 1 0 |a Gender differences on crime and punishment 
264 1 |c 1998 
336 |a Text  |b txt  |2 rdacontent 
337 |a ohne Hilfsmittel zu benutzen  |b n  |2 rdamedia 
338 |a Band  |b nc  |2 rdacarrier 
773 0 8 |i Enthalten in  |t Political research quarterly  |d Thousand Oaks, Calif. : Sage, 1993  |g 51(1998), 1, Seite 89 -  |w (DE-627)13120274X  |w (DE-600)1151958-7  |w (DE-576)034204180  |x 1065-9129  |7 nnas 
773 1 8 |g volume:51  |g year:1998  |g number:1  |g pages:89 - 
787 0 8 |i Forschungsdaten  |a United States Department of Justice. Federal Bureau of Investigation  |t Uniform Crime Reporting Program Data (United States): County-Level Detailed Arrest and Offense Data, 1994  |d [Erscheinungsort nicht ermittelbar] : [Verlag nicht ermittelbar], 1997  |w (DE-627)1840063025 
935 |a mkri 
951 |a AR 
ELC |b 1 
LOK |0 000 xxxxxcx a22 zn 4500 
LOK |0 001 4637531233 
LOK |0 003 DE-627 
LOK |0 004 1912565730 
LOK |0 005 20241217044516 
LOK |0 008 241217||||||||||||||||ger||||||| 
LOK |0 035   |a (DE-2619)ICPSR15162 
LOK |0 040   |a DE-2619  |c DE-627  |d DE-2619 
LOK |0 092   |o n 
LOK |0 852   |a DE-2619 
LOK |0 852 1  |9 00 
LOK |0 935   |a nacp 
LOK |0 939   |a 17-12-24  |b l01 
ORI |a SA-MARC-krimdoka001.raw